<?xml version="1.0" encoding="UTF-8"?>
<record
    xmlns:xsi="http://www.w3.org/2001/XMLSchema-instance"
    xsi:schemaLocation="http://www.loc.gov/MARC21/slim http://www.loc.gov/standards/marcxml/schema/MARC21slim.xsd"
    xmlns="http://www.loc.gov/MARC21/slim">

  <leader>01249nam a2200325Ia 4500</leader>
  <controlfield tag="005">20230707122125.0</controlfield>
  <controlfield tag="008">210716s1988    xx            000 0 und d</controlfield>
  <datafield tag="020" ind1=" " ind2=" ">
    <subfield code="a">9788120307575</subfield>
  </datafield>
  <datafield tag="040" ind1=" " ind2=" ">
    <subfield code="c">AIMIT LIBRARY</subfield>
  </datafield>
  <datafield tag="041" ind1=" " ind2=" ">
    <subfield code="a">eng</subfield>
  </datafield>
  <datafield tag="082" ind1=" " ind2=" ">
    <subfield code="a">658.83 </subfield>
    <subfield code="2">5</subfield>
    <subfield code="b">GREP</subfield>
  </datafield>
  <datafield tag="100" ind1=" " ind2=" ">
    <subfield code="a">Green, Paul E</subfield>
    <subfield code="9">125941</subfield>
  </datafield>
  <datafield tag="245" ind1=" " ind2=" ">
    <subfield code="a">Research for marketing decisions /</subfield>
    <subfield code="c">By Paul E Green, Donald  S Tull and Gerald Albaum</subfield>
  </datafield>
  <datafield tag="250" ind1=" " ind2=" ">
    <subfield code="a">5th ed. </subfield>
    <subfield code="b">Eastern Economy Edition</subfield>
  </datafield>
  <datafield tag="260" ind1=" " ind2=" ">
    <subfield code="a">New Jercy :</subfield>
    <subfield code="b">Prentice hall Inc. ,</subfield>
    <subfield code="c">1988</subfield>
  </datafield>
  <datafield tag="300" ind1=" " ind2=" ">
    <subfield code="a">xii,784p. ;</subfield>
    <subfield code="b">PB :</subfield>
    <subfield code="c">23.5 cm</subfield>
  </datafield>
  <datafield tag="650" ind1=" " ind2=" ">
    <subfield code="a">Marketing Research Content and Strategy</subfield>
    <subfield code="9">125942</subfield>
  </datafield>
  <datafield tag="650" ind1=" " ind2=" ">
    <subfield code="a">The Tactics of Marketing Research</subfield>
    <subfield code="9">125943</subfield>
  </datafield>
  <datafield tag="650" ind1=" " ind2=" ">
    <subfield code="a">The Value and Cost of Decision Making</subfield>
    <subfield code="9">125944</subfield>
  </datafield>
  <datafield tag="650" ind1=" " ind2=" ">
    <subfield code="a">Research Design</subfield>
    <subfield code="9">125945</subfield>
  </datafield>
  <datafield tag="650" ind1=" " ind2=" ">
    <subfield code="a">Information from Respondents</subfield>
    <subfield code="9">125946</subfield>
  </datafield>
  <datafield tag="650" ind1=" " ind2=" ">
    <subfield code="a">Measurement in Marketing Research</subfield>
    <subfield code="9">125947</subfield>
  </datafield>
  <datafield tag="650" ind1=" " ind2=" ">
    <subfield code="a">Measurement and Scaling in Marketing Research</subfield>
    <subfield code="9">125948</subfield>
  </datafield>
  <datafield tag="650" ind1=" " ind2=" ">
    <subfield code="a">Sampling Procedure in Marketing Research</subfield>
    <subfield code="9">125949</subfield>
  </datafield>
  <datafield tag="650" ind1=" " ind2=" ">
    <subfield code="a">Analyzing Associative Data</subfield>
    <subfield code="9">125950</subfield>
  </datafield>
  <datafield tag="650" ind1=" " ind2=" ">
    <subfield code="a">Selected Activities in Marketing Research</subfield>
    <subfield code="9">125951</subfield>
  </datafield>
  <datafield tag="700" ind1=" " ind2=" ">
    <subfield code="a">Tull, Donald S</subfield>
    <subfield code="9">125952</subfield>
  </datafield>
  <datafield tag="700" ind1=" " ind2=" ">
    <subfield code="a">Albaum, Gerald.</subfield>
    <subfield code="9">125953</subfield>
  </datafield>
  <datafield tag="942" ind1=" " ind2=" ">
    <subfield code="2">ddc</subfield>
    <subfield code="c">BK</subfield>
    <subfield code="e">5th</subfield>
    <subfield code="k">658.83 GREP</subfield>
  </datafield>
  <datafield tag="999" ind1=" " ind2=" ">
    <subfield code="c">197481</subfield>
    <subfield code="d">197481</subfield>
  </datafield>
  <datafield tag="952" ind1=" " ind2=" ">
    <subfield code="0">0</subfield>
    <subfield code="1">0</subfield>
    <subfield code="2">ddc</subfield>
    <subfield code="4">0</subfield>
    <subfield code="7">0</subfield>
    <subfield code="8">MBA</subfield>
    <subfield code="a">AIMIT</subfield>
    <subfield code="b">AIMIT</subfield>
    <subfield code="c">MKG</subfield>
    <subfield code="d">2004-04-01</subfield>
    <subfield code="g">225.00</subfield>
    <subfield code="i">Bill no:454;Bill dt:2004-03-01</subfield>
    <subfield code="l">0</subfield>
    <subfield code="o">658.83 GREP</subfield>
    <subfield code="p">MBA00046</subfield>
    <subfield code="r">2025-07-21 00:00:00</subfield>
    <subfield code="v">180.00</subfield>
    <subfield code="w">2021-07-16</subfield>
    <subfield code="y">BK</subfield>
  </datafield>
  <datafield tag="952" ind1=" " ind2=" ">
    <subfield code="0">0</subfield>
    <subfield code="1">0</subfield>
    <subfield code="2">ddc</subfield>
    <subfield code="4">0</subfield>
    <subfield code="7">0</subfield>
    <subfield code="8">MBA</subfield>
    <subfield code="a">AIMIT</subfield>
    <subfield code="b">AIMIT</subfield>
    <subfield code="c">MKG</subfield>
    <subfield code="d">2004-04-01</subfield>
    <subfield code="g">225.00</subfield>
    <subfield code="i">Bill no:454;Bill dt:2004-03-01</subfield>
    <subfield code="l">0</subfield>
    <subfield code="o">658.83 GREP</subfield>
    <subfield code="p">MBA00047</subfield>
    <subfield code="r">2025-07-21 00:00:00</subfield>
    <subfield code="v">180.00</subfield>
    <subfield code="w">2021-07-16</subfield>
    <subfield code="y">BK</subfield>
  </datafield>
  <datafield tag="952" ind1=" " ind2=" ">
    <subfield code="0">0</subfield>
    <subfield code="1">0</subfield>
    <subfield code="2">ddc</subfield>
    <subfield code="4">0</subfield>
    <subfield code="7">0</subfield>
    <subfield code="8">MBA</subfield>
    <subfield code="a">AIMIT</subfield>
    <subfield code="b">AIMIT</subfield>
    <subfield code="c">MKG</subfield>
    <subfield code="d">2004-04-01</subfield>
    <subfield code="g">225.00</subfield>
    <subfield code="i">Bill no:454;Bill dt:2004-03-01</subfield>
    <subfield code="l">0</subfield>
    <subfield code="o">658.83 GREP</subfield>
    <subfield code="p">MBA00048</subfield>
    <subfield code="r">2025-07-21 00:00:00</subfield>
    <subfield code="v">180.00</subfield>
    <subfield code="w">2021-07-16</subfield>
    <subfield code="y">BK</subfield>
  </datafield>
  <datafield tag="952" ind1=" " ind2=" ">
    <subfield code="0">0</subfield>
    <subfield code="1">0</subfield>
    <subfield code="2">ddc</subfield>
    <subfield code="4">0</subfield>
    <subfield code="7">0</subfield>
    <subfield code="8">MBA</subfield>
    <subfield code="a">AIMIT</subfield>
    <subfield code="b">AIMIT</subfield>
    <subfield code="c">MKG</subfield>
    <subfield code="d">2005-05-01</subfield>
    <subfield code="i">Bill no:454;Bill dt:2004-03-01</subfield>
    <subfield code="l">0</subfield>
    <subfield code="o">658.83 GREP</subfield>
    <subfield code="p">MBA09049</subfield>
    <subfield code="r">2025-07-21 00:00:00</subfield>
    <subfield code="w">2021-07-16</subfield>
    <subfield code="y">BK</subfield>
  </datafield>
</record>
